| 000 | 01288nab a22002177a 4500 | ||
|---|---|---|---|
| 999 |
_c5891 _d5891 |
||
| 003 | OSt | ||
| 005 | 20260109233020.0 | ||
| 008 | 190605e xxu||||| |||| 00| 0 spa d | ||
| 040 | _cPJ | ||
| 100 |
_92713 _aSantiago, Alfonso (h) |
||
| 245 | 1 | 3 |
_aEl derecho de huelga: perspectiva constitucional / _cAlfonso Santiago. |
| 260 |
_aCiudad Autónoma de Buenos Aires : _bThomson Reuters La Ley, _c2023. |
||
| 300 | _ap. 73-82 | ||
| 500 | _aCita: TR LALEY AR/DOC/1350/2023. | ||
| 505 | _aSumario: I. Presentación.— II. Las concepciones jurídicas acerca de las relaciones entre Derecho y huelga.— III. Los límites constitucionales, convencionales y legales del derecho de huelga.— IV. El test de proporcionalidad como instrumento de armonización cuando el derecho de huelga entra en tensión con otros derechos constitucionales.— V. Repertorio de Principios de la OIT en materia de derecho de huelga.— VI. Consideraciones finales. | ||
| 505 | _t¿Te interesa el texto completo? Solicitalo al correo: koha@justierradelfuego.gov.ar | ||
| 650 | 0 |
_91316 _aDERECHO LABORAL |
|
| 650 | 0 |
_94564 _aDERECHO DE HUELGA |
|
| 773 | 0 |
_02711 _93168 _dCiudad Autónoma de Buenos Aires : Thomson Reuters La Ley, 1999-2002. _tRevista de derecho del trabajo. Nº 4 - Julio 2023 |
|
| 942 |
_2udc _cANA |
||